La ignorancia en las academias / (Record no. 23880)

MARC details
000 -LEADER
campo de control de longitud fija 00942nam a2200241 i 4500
001 - NÚMERO DE CONTROL
campo de control 23880
003 - IDENTIFICADOR DE NÚMERO DE CONTROL
campo de control ES-MaACL
005 - FECHA Y HORA DE LA ÚLTIMA TRANSACCIÓN
campo de control 20240512063032.0
007 - CAMPO FIJO DE DESCRIPCIÓN FÍSICA--INFORMACIÓN GENERAL
campo de control de longitud fija t|
008 - DATOS DE LONGITUD FIJA--INFORMACIÓN GENERAL
campo de control de longitud fija 021213s1918 sp ||||1| spa d
040 ## - FUENTE DE CATALOGACIÓN
Centro/agencia transcriptor ES-MaACL
080 ## - NÚMERO DE LA CLASIFICACIÓN DECIMAL UNIVERSAL
Número de la Clasificación Decimal Universal 001.101
100 1# - ENTRADA PRINCIPAL--NOMBRE DE PERSONA
Nombre de persona Albiñana Sanz, José María,
Fechas asociadas al nombre 1883-1936
9 (RLIN) 19387
Término indicativo de función/relación Autor
245 13 - MENCIÓN DEL TÍTULO
Título La ignorancia en las academias /
Mención de responsabilidad, etc. José Mª Albiñana Sanz
260 ## - PUBLICACIÓN, DISTRIBUCIÓN, ETC.
Lugar de publicación, distribución, etc. Madrid :
Nombre del editor, distribuidor, etc. Tipográfica Giralda,
Fecha de publicación, distribución, etc. 1918
300 ## - DESCRIPCIÓN FÍSICA
Extensión 41 páginas ;
Dimensiones 19 cm.
500 ## - NOTA GENERAL
Nota general En port.: Comentarios al discurso leído en la Real Academia Nacional de Medicina por el académico de número D. Luis Ortega Morejón en la solemne sesión de 26 de mayo de 1918, contestando al de ingreso del electo D. Enrique Fernández Sanz
650 #7 - PUNTO DE ACCESO ADICIONAL DE MATERIA--TÉRMINO DE MATERIA
Fuente del encabezamiento o término embne
9 (RLIN) 236326
Término de materia o nombre geográfico como elemento de entrada Saber y erudición
852 ## - LOCALIZACIÓN
Ubicación ES-MaACL
Ubicación en estantería Depósito folletos
Número de control de estantería 1551-F-1
942 ## - ELEMENTOS DE ENTRADA SECUNDARIOS (KOHA)
Tipo de ítem Koha Folleto
Suprimir en OPAC No
Holdings
Estatus retirado Estado de pérdida Estado de daño No para préstamo Colección Biblioteca de origen Biblioteca actual Ubicación en estantería Fecha de adquisición Fuente de adquisición Total de préstamos Signatura topográfica completa Código de barras Visto por última vez Precio de reemplazo Tipo de ítem Koha
        Colección de folletos Biblioteca del Ateneo de Madrid Biblioteca del Ateneo de Madrid Depósito folletos 17/01/2008     1551-F-1 1024610 23/02/2023 23/02/2023 Folleto